| 000 -LEADER |
| fixed length control field |
00615cam a2200229 a 4500 |
| 001 - CONTROL NUMBER |
| control field |
544225 |
| 005 - DATE AND TIME OF LATEST TRANSACTION |
| control field |
20180228044138.0 |
| 008 - FIXED-LENGTH DATA ELEMENTS--GENERAL INFORMATION |
| fixed length control field |
870819s1986 enk b 001 0 eng c |
| 010 ## - LIBRARY OF CONGRESS CONTROL NUMBER |
| LC control number |
87673388 |
| 020 ## - INTERNATIONAL STANDARD BOOK NUMBER |
| Cancelled/invalid ISBN |
0631148416 : |
| Terms of availability |
£25.00 |
| 020 ## - INTERNATIONAL STANDARD BOOK NUMBER |
| International Standard Book Number |
0631148434 (pbk.) |
| 040 ## - CATALOGING SOURCE |
| Original cataloging agency |
MH |
| Transcribing agency |
MH |
| Modifying agency |
DLC |
| 041 ## - LANGUAGE CODE |
| Language code of text/sound track or separate title |
eng |
| 080 ## - UNIVERSAL DECIMAL CLASSIFICATION NUMBER |
| Universal Decimal Classification number |
305.42 jul |
| 082 00 - DEWEY DECIMAL CLASSIFICATION NUMBER |
| Classification number |
305.42 jul |
| Edition number |
20 |
| 100 ## - Rafti |
| Rafti |
48 |
| 101 ## - Shkurtesa |
| Shkurtesa |
psi |
| 245 00 - TITLE STATEMENT |
| Title |
What is feminism? / |
| Statement of responsibility, etc |
edited by Juliet Mitchell & Ann Oakley. |
| 504 ## - BIBLIOGRAPHY, ETC. NOTE |
| Bibliography, etc |
Includes bibliographies and index. |
| 906 ## - LOCAL DATA ELEMENT F, LDF (RLIN) |
| a |
7 |
| b |
cbc |
| c |
orignew |
| d |
u |
| e |
ncip |
| f |
19 |
| g |
y-gencatlg |
| 942 ## - ADDED ENTRY ELEMENTS (KOHA) |
| Source of classification or shelving scheme |
|
| Item type |
Books |